| 000 | 01451cam a22002417a 4500 | ||
|---|---|---|---|
| 020 | _a9251059853 | ||
| 020 | _a9789251059852 | ||
| 040 | _cNLG FAO 2008 A042 Or. | ||
| 110 | 2 | _aFood and Agriculture Organization of the United Nations. | |
| 245 | 1 | 0 |
_aForests and energy : _bkey issues. |
| 260 |
_aRome : _bFood and Agriculture Organization of the United Nations, _cc2008. |
||
| 300 |
_axiv, 56 p. : _bill., map ; _c30 cm. |
||
| 500 | _aForeword by Wulf Killmann. | ||
| 520 | _a"This publication consolidates and synthesizes two more comprehensive studies commissioned by FAO in 2007 and published as working papers. They are Forests and energy in developing countries by Ivan Tomaselli and Forests and energy in OECD countries by Warren Mabee and Jack Saddler. ... A draft version of the consolidated paper, prepared by Douglas Kneeland and Andrea Perlis, was distributed at the FAO Conference Special Event: Forests and Energy in November 2007. The present edition, prepared by Jeremy Broadhead and edited by Maria Casa, incorporates comments received from member countries. Miguel Trossero, Simmone Rose, Sebastian Hetsch and Gustavo Best also contributed"--P. vii. | ||
| 650 | 0 | _aForest biomass. | |
| 650 | 0 | _aBiomass energy. | |
| 650 | 0 | _aForests and forestry. | |
| 700 | 1 | _aBroadhead, Jeremy. | |
| 700 | 1 | _aKillmann, Wulf. | |
| 700 | 1 | _aCasa, Maria. | |
| 856 | 4 | 1 | _uhttp://www.loc.gov/catdir/toc/fy1002/2008437460.html |
| 942 | _cAEDBB | ||
| 999 |
_c20865 _d20865 |
||